El asno de oro

Uloženo v:
Podrobná bibliografie
Hlavní autor: Apuleyo, Lucio (Autor)
Médium: Kniha
Jazyk:španělština
Vydáno: Madrid Gredos 1978
Edice:Biblioteca Clásica Gredos, 9
Témata:
Tagy: Přidat tag
Žádné tagy, Buďte první, kdo vytvoří štítek k tomuto záznamu!

MARC

LEADER 00000nam a2200000 a 4500
001 UCQ4520
003 CL-VaPUC
008 980904e19780000SP |||||||||||||||||spa|d
082 0 4 |a 873  |b APU  |2 21 
100 0 |a Apuleyo, Lucio  |e author  |9 418687 
245 1 3 |a El asno de oro 
300 |a 358 p 
942 |c BK 
945 |d 19980904 00:00:00  |a lriquelm 
260 |a Madrid  |b Gredos  |c 1978 
650 7 |a NOVELAS LATINAS  |2 CL-VaPUC  |9 265085 
650 0 |a Literatura latina   |9 258055 
583 |a last modification  |c 19980904 00:00:00  |k Rodrigo Vera 
490 0 |a Biblioteca Clásica Gredos, 9 
999 |c 274893  |d 274891 
952 |0 0  |1 0  |4 0  |6 873_000000000000000_APU_1978  |7 0  |8 R  |9 311256  |a BIBEDU  |b BIBEDU  |c MCIRC  |d 2019-11-20  |i 1462903  |l 5  |o 873 APU 1978  |p 1462903  |r 2023-03-29  |s 2023-03-27  |w 2019-11-20  |y BK_R  |k LIT 
952 |0 0  |1 0  |4 0  |6 873_000000000000000_APU_1978  |7 0  |8 R  |9 311257  |a BIBEDU  |b BIBEDU  |d 2019-11-20  |i 1462954  |o 873 APU 1978  |p 1462954  |r 2019-11-20  |w 2019-11-20  |y BK_R  |k LIT 
952 |0 0  |1 0  |4 0  |6 873_000000000000000_APU_1978  |7 0  |8 X  |9 311258  |a BIBHIS  |b BIBHIS  |d 2019-11-20  |i 1363166  |o 873 APU 1978  |p 1363166  |r 2024-01-30  |w 2019-11-20  |y BK_X  |k HIS